Welcome to CU Library Online Public Access Catalogue (OPAC)

Christianity and politics in Doe's Liberia / (Record no. 6633)

MARC details
000 -LEADER
fixed length control field 01017pam a2200253 a 4500
001 - CONTROL NUMBER
control field 1559528
005 - DATE AND TIME OF LATEST TRANSACTION
control field 20250623130704.0
008 - FIXED-LENGTH DATA ELEMENTS--GENERAL INFORMATION
fixed length control field 920422s1993 enkb b 001 0 eng
020 ## - INTERNATIONAL STANDARD BOOK NUMBER
International Standard Book Number 0521420296
050 00 - LIBRARY OF CONGRESS CALL NUMBER
Classification number BR1463.L7
Item number G54 1993
082 00 - DEWEY DECIMAL CLASSIFICATION NUMBER
Classification number 261.7/096662/09048
Edition information 20
100 1# - MAIN ENTRY--PERSONAL NAME
Personal name Gifford, Paul,
Dates associated with a name 1944-
245 10 - TITLE STATEMENT
Title Christianity and politics in Doe's Liberia /
Statement of responsibility, etc. Paul Gifford.
260 ## - PUBLICATION, DISTRIBUTION, ETC.
Place of publication, distribution, etc. Cambridge ;
-- New York :
Name of publisher, distributor, etc. Cambridge University Press,
Date of publication, distribution, etc. 1993.
300 ## - PHYSICAL DESCRIPTION
Extent xvi, 349 p. :
Other physical details map ;
Dimensions 23 cm.
440 #0 - SERIES STATEMENT/ADDED ENTRY--TITLE
Title Cambridge studies in ideology and religion
650 #0 - SUBJECT ADDED ENTRY--TOPICAL TERM
Topical term or geographic name entry element Christianity
Geographic subdivision Liberia.
650 #0 - SUBJECT ADDED ENTRY--TOPICAL TERM
Topical term or geographic name entry element Church and state
Geographic subdivision Liberia
General subdivision History
Chronological subdivision 20th century.
650 #0 - SUBJECT ADDED ENTRY--TOPICAL TERM
Topical term or geographic name entry element Christianity and politics
General subdivision History
Chronological subdivision 20th century.
856 41 - ELECTRONIC LOCATION AND ACCESS
Materials specified Sample text
Uniform Resource Identifier <a href="http://www.loc.gov/catdir/samples/cam031/92015834.html">http://www.loc.gov/catdir/samples/cam031/92015834.html</a>
856 42 - ELECTRONIC LOCATION AND ACCESS
Materials specified Publisher description
Uniform Resource Identifier <a href="http://www.loc.gov/catdir/description/cam025/92015834.html">http://www.loc.gov/catdir/description/cam025/92015834.html</a>
856 41 - ELECTRONIC LOCATION AND ACCESS
Materials specified Table of contents
Uniform Resource Identifier <a href="http://www.loc.gov/catdir/toc/cam029/92015834.html">http://www.loc.gov/catdir/toc/cam029/92015834.html</a>
942 ## - ADDED ENTRY ELEMENTS (KOHA)
Source of classification or shelving scheme Library of Congress Classification
Koha item type Books
Suppress in OPAC No
999 ## -
-- 6633
-- 6633
Holdings
Withdrawn status Lost status Source of classification or shelving scheme Damaged status Not for loan Collection Home library Current library Shelving location Date acquired Total checkouts Full call number Barcode Date last seen Copy number Price effective from Koha item type
    Library of Congress Classification     Non-fiction Undergraduate Library (Christ Temple) Undergraduate Library (Christ Temple) General stacks 06/23/2025   BR1463.17 GIF ulct00003479 06/23/2025 1 06/23/2025 Books
© 2023-2024 Copyright: Central University Libraries. All Rights Reserved | Created by: Mahone Tech Office